LEADER 01092nam a2200253 i 4500 001 000000189008 003 CaOOAMICUS 005 20100427000000.0 008 100427s2002 it u000 u ita u 013 $a167263 020 $a88-339-1421-6 040 $aSeMil$bita 245 10$a1938-1974 /$cKurt Gödel ; con la collaborazione di John W. Dawson Jr., Stephen C. Kleene ... [ et al.]. 300 $a388 p., [4] p. di tav. 500 $aContiene : Bibliografia ; Addenda e corrigenda al volume 1. 700 1 $aGödel, Kurt <1906-1978>.$0(OLS)http://semarc/name/10398 700 1 $aKleene, Stephen C.$0(OLS)http://semarc/name/69009 700 1 $aDawson, John W. .$0(OLS)http://semarc/name/69008 773 0 $aGödel, Kurt <1906-1978>$tOpere di Gödel.$dTorino : Bollati Boringhieri, 1999-2006.$g2$w()23307 850 $aSeMil 852 $aSeMil$W1$xVenegono$y1$m56 27 2 *$j139643$B139643$CSeMilBibl$Z2$F151247 $81 961 $aAcquisto: Ŕncora (Libreria) 996 $6020$a88-339-1421-6$9(OLS)http://semarc/number/179701 996 $6245$a1938-1974$9(OLS)http://semarc/title/272112 LEADER 01437nam a2200313 i 4500 001 000000124783 003 CaOOAMICUS 005 20250404112752.0 008 040330s2003 be u000 u lat u 013 $a97480 020 $a2-503-60778-0 040 $aSeMil$bita 100 0 $aHieronymus,$c.$0(OLS)http://semarc/name/471 245 10$aCommentarii in Epistulas Pauli Apostoli ad Titum et ad Philemonem /$ccurante CTLO, Centre traditio litterarum occidentalium. 260 $aTurnhout :$bBrepols,$c2003. 300 $a39 p. ;$c25 cm + 3 microfiches. 490 0 $aCorpus Christianorum. Instrumenta lexicologica latina. Ser. A, Formae ;$vFasc.149 500 $aSpoglio lessicale 710 2 $aCentre traditio litterarum Occidentalium.$0(OLS)http://semarc/name/59 830 0$aCorpus Christianorum. Instrumenta lexicologica latina. Ser. A, Formae ;$v149.$0(OLS)http://semarc/title/82 850 $aSeMil 852 $aSeMil$W1$xVenegono$y1$mSL2.G CC.CM.ILL 149$j255765$B79302$CSeMilBibl$Z2$F81488 $8I 900 0 $aGirolamo$c. 961 $aSottoscrizione: Brepols 996 $6020$a2-503-60778-0$9(OLS)http://semarc/number/110589 996 $6245$aCommentarii in Epistulas Pauli Apostoli ad Titum et ad Philemonem$9(OLS)http://semarc/title/183661 996 $6260$aTurnhout :$bBrepols$9(OLS)http://semarc/publisher/29626